Súhrnný záver

Na minha lista:
Detalhes bibliográficos
Autor principal: Škvrnda, František
Formato: Capítulo de Livro
Idioma:eslovaco
Tags: Adicionar Tag
Sem tags, seja o primeiro a adicionar uma tag!

MARC

LEADER 00000naa$a2200000$$$4500
001 0061381
005 20240502071704.6
041 0 |a slo 
044 |a SK 
245 1 0 |a Súhrnný záver  |c František Škvrnda 
100 1 |a Škvrnda, František